| 000 | 00516nam a22001577a 4500 | ||
|---|---|---|---|
| 999 |
_c130535 _d130535 |
||
| 008 | 201021b ||||| |||| 00| 0 eng d | ||
| 020 | _a9789966600110 | ||
| 050 | _aBX870.2013A6 A6 | ||
| 100 |
_aFrancis I _949981 |
||
| 245 |
_aThe joy of love: _bApostolic exhortation amoris Laetitia of the holy father Francis _c/ by Francis I |
||
| 260 |
_aNairobi: _bPaulines Publications, _c2016. |
||
| 300 |
_a166p. ; _c21cm. |
||
| 650 |
_aLove _949982 |
||
| 650 |
_aMarriage _xCatholic Church _923941 |
||
| 942 |
_2lcc _cMONOGRAPH |
||